000
00310nam a2200133Ia 4500
005
20251222155104.0
008
251222s9999||||xx |||||||||||||| ||spa||
082
_a
ANT.30
100
_a
Y MEZA Jaime Javier
245
0
_a
El poder curativo de los jugos
250
_a
1ra. ed.
264
_b
Fenix
942
_c
LIB
999
_c
37791
_d
37791